|
|
|
|
| LEADER |
00000naa2a2200000 4500 |
| 001 |
383993 |
| 005 |
20231101063210.0 |
| 035 |
|
|
|a (RuTPU)RU\TPU\prd\10125
|
| 090 |
|
|
|a 383993
|
| 100 |
|
|
|a 20030128a2002 k y0rusy50 ca
|
| 101 |
0 |
|
|a rus
|
| 102 |
|
|
|a RU
|
| 200 |
1 |
|
|a Информационно-измерительная система реакторной установки СМИ-3
|f А. Токарев, В. Придачин, П. Стороженко и др.
|
| 225 |
1 |
|
|a Системная интеграция
|e Атомная энергетика
|
| 461 |
|
1 |
|0 (RuTPU)RU\TPU\prd\1759
|x 0206-975X
|t Современные технологии автоматизации
|o производственно-технический журнал
|d 2000-
|
| 463 |
|
1 |
|0 (RuTPU)RU\TPU\prd\7902
|t № 3
|v С. 46-53
|d 2002
|
| 610 |
1 |
|
|a информационно-измерительные системы
|
| 610 |
1 |
|
|a реакторные установки
|
| 610 |
1 |
|
|a внедрение
|
| 610 |
1 |
|
|a аппаратно-программные средства
|
| 701 |
|
1 |
|a Токарев
|b А.
|g Александр
|
| 701 |
|
1 |
|a Придачин
|b В.
|g Владимир
|
| 701 |
|
1 |
|a Стороженко
|b П.
|g Павел
|
| 701 |
|
1 |
|a Кривошеев
|b А.
|g Алексей
|
| 701 |
|
1 |
|a Еникеев
|b А.
|g Алексей
|
| 701 |
|
1 |
|a Покровский
|b А.
|g Алексей
|
| 801 |
|
1 |
|a RU
|b 63413507
|c 20030128
|g PSBO
|
| 801 |
|
2 |
|a RU
|b 63413507
|c 20131217
|g RCR
|
| 942 |
|
|
|c BK
|